000 00933nam a2200265 i 4500
003 DO-SdBNP
005 20240322100520.0
007 ta
008 240322b2023 dr c|||| |||| 00| 0 spa d
020 _a9789945223156
040 _aDO-SdBNPHU
_bspa
_cBNPHU
_erda
082 4 _222
100 _aHernández Polanco, Fe Pura,
_c1934-
_96603
_eautora
245 1 0 _aPor qué no enloquecí en la pandemia /
_cFe Pura Hernández Polanco ; corrección de estilo, Manuel Jiménez Jiménez
264 _aSanto Domingo :
_bBúho,
_c2023.
300 _a52 páginas :
_bretratos ;
_c22 cm.
336 _2rdacontent
_atexto
_btxt
337 _2rdamedia
_asin mediación
_bn
338 _2rdacarrier
_avolumen
_bnc
500 _aIncluye datos biográficos de la autora en la solapa de la cubierta
590 _aInventariado, 2024/BT
700 _aJiménez Jiménez, Manuel,
_ecorrección de estilo
_934235
910 _aBtavárez
942 _2ddc
_cLBS1
999 _c56180
_d56180